| 000 | 03746cam a22005054i 4500 | ||
|---|---|---|---|
| 003 | PE-LiUPU | ||
| 005 | 20250731173345.0 | ||
| 008 | 150706s r 000 0 d | ||
| 020 | _a9780664220983 | ||
| 035 | _a(Sirsi) i9780664220983 | ||
| 040 |
_aPE-LiUPU _bspa _cPE-LiUPU _erda |
||
| 049 | _aPRUA | ||
| 082 | 0 | 4 |
_a225.07 _bNTL _221 |
| 100 | 1 |
_aLieu, Judith M., _eautor. |
|
| 245 | 1 | 0 |
_aI, II & III John : _ba commentary / _cJudith M. Lieu. |
| 264 | 1 |
_aLouisville : _bWestminster John Knox Press, _c2008. |
|
| 300 |
_a300 páginas ; _c23 centímetros |
||
| 336 |
_atext _2rdacontent |
||
| 337 |
_aunmediated _2rdamedia |
||
| 338 |
_avolume _2rdacarrier |
||
| 490 | 0 | _aThe New Testament Library | |
| 504 | _aIncluye bibliografía. | ||
| 505 | 0 | _aThe First, Second, and Third letters of John -- John -- Letters -- The setting of the Letters -- Author and audience -- Situation -- The structure, background, and thought of the letters -- Argument and style -- Johannine tradition -- The thought of the letters -- Background -- The reception of the letters and their importance in recent study -- Reception and text -- The importance of the letters -- Translation and language -- Commentary -- 1 John -- 1:1-4 the prologue -- 1:1-3 the opening -- 1:4 the purpose in writing -- 1:5-2:2 living in the light of God -- 1:5 God is light -- 1:6-10 saying and doing -- 2:1-2 the assurance of forgiveness -- 2:3-11 from knowledge of God to love of a fellow believer -- 2:3-6 knowledge and obedience -- 2:7-11 hearing the command and loving a fellow believer -- 2:12-17 encouragement to persevere -- 2:12-14 children, fathers, and youths -- 2:15-17 do not love the world -- 2:18-28 standing firm against deceit -- 2:18-23 the appearance of the antichrists -- 2:24-28 the call to remain faithful -- 2:29; 3:12 the identity of those who are (or are not) children of God -- 2:29; 3:3 the confidence of the children of God -- 3:4-10a the two ways -- 3:10b-12 justice and love as the marks of the children of God -- 3:13-24 love within the community and confidence before God -- 3:13-18 the bonds of love -- 3:19-24 confidence before God -- 4:1-6 testing the spirits -- 4:7-5:4 the love that is God's -- 4:7-10 in celebration of God's love -- 4:11-16 God's love as the source of our love -- 4:17-19 confidence in love -- 4:20-5:4 obedience to God and love for others -- 5:4-13 belief in the Son of God -- 5:4-8 Jesus, the Son of God -- 5:9-12 God's own testimony to the Son of God -- 5:13 "this is why I have written" -- 5:14-21 exercising the privileges of life -- 5:14-17 seeking life -- 5:18-21 the ultimate confidence -- 2 John -- 1-3 the greeting -- 4-8 encouragement to steadfastness -- 9-13 holding on to the teaching -- 3 John -- 1-4 opening pleasantries -- 5-12 the test of loyalty -- 13-15 closing formalities. | |
| 526 | _aSEG42 | ||
| 526 | _aSEG41 | ||
| 526 | _aSEG40 | ||
| 526 | _aSEG39 | ||
| 526 | _aP94 | ||
| 526 | _aP87 | ||
| 526 | _aP86 | ||
| 526 | _aP85 | ||
| 526 | _aP77 | ||
| 526 | _aP76 | ||
| 526 | _aP35 | ||
| 541 | _g48101-1479; | ||
| 630 |
_aBiblia. _pN.T. _pJuan I _xComentarios. |
||
| 630 |
_aBiblia. _pN.T. _pJuan II _xComentarios. |
||
| 630 |
_aBiblia. _pN.T. _pJuan III _xComentarios. |
||
| 910 |
_agl _bjv _clch _d20091118 |
||
| 942 |
_2ddc _cBOOK |
||
| 949 |
_a225.07 NTL 23 _wDEWEY _c1 _i60642 _lCCODEBUL1 _mBUL _p50.00 _r0 _sY _tBOOK _u2015-7-6 _xTEOLOGIA _zUNKNOWN _0COMPRA _o.STAFF. Colección General |
||
| 994 |
_aC0 _bPEPRU |
||
| 596 | _a1 | ||
| 999 |
_a225.07 NTL 23 _wDEWEY _c50057 _i60642 _d50057 _f2021-11-9 _g5 _lCCODEBUL1 _mBUL _p50.00 _q3 _r0 _sY _tBOOK _u2015-7-6 _xTEOLOGIA _zUNKNOWN _0COMPRA _o.STAFF. Colección General |
||
| 980 |
_81 _gALBERTO SANCHEZ Responsable de Automatización |
||